Statistics for Alan's just for fun general knowledge quiz 1

Click here to take the quiz!

General Stats

  • This quiz has been taken 26 times
  • The average score is 8 of 15

Answer Stats

QuestionsAnswers% Correct
Reykjavik is the capital for which European country?Iceland
92%
What is the smallest planet in our solar system?Mercury
88%
Botany is the study of what life form?Plants
79%
Which European city hosted the 1936 Summer Olympics?Berlin
75%
Who was president of the USA between 1789 and 1797 and was also the country's first president?George washington
75%
Which popular video game franchise has released games with the subtitles World At War and Black Ops?Call of duty
58%
US sitcom Frasier (1993-2004) is a spin off series from which popular comedy?Cheers
54%
Which Stephen King novel takes place mostly in the fictional Overlook Hotel?The shining
54%
How many goals did England score (excluding penalty shootouts) at the men's 2018 FIFA world cup?12
50%
Which country has the largest coastline in the world?Canada
50%
What is the capital of Westeros in The Game of Thrones?Kings landing
33%
What was the old name for a snickers bar before it changed in 1990?Marathon
33%
What year did the European Union first introduce the Euro as currency?1999
25%
What type of creature is a pacific sea wasp?Jellyfish
13%
Which singing competition was the first to feature Simon Cowell as a judge?Pop idol
13%

Score Distribution

Percentile by Number Answered

Percent of People with Each Score

Your Score History

You have not taken this quiz